000 00790nam a2200193 4500
001 139452
003 ES-MaACL
005 20260201175158.0
007 t|
008 070214m19071914gw r ||||1| ger d
100 1 _aSchanz, Martin.
_9104230
245 1 0 _aGeschichte der Römischen Literatur
_b: bis zum Gesetzgebungswerk des Kaisers Justinian /
_cvon Martin Schanz.
260 _aMünchen :
_b[s. n.],
_c1907-1914 (
_eNördlingen :
_fC.H. Beck'sche Verlagsbuchhandlung)
300 _a4 t. en 6 v. ;
_c25 cm.
490 1 _aHandbuch der klassischen Altertums-Wissenschaftin systematischer Darstellung ;
_v8
830 0 _aHandbuch der klassischen Altertums-Wissenschaft in systematischer Darstellung
_v8
_9218672
852 _aES-MaACL
_jF-15203-208
999 _c139452
_d139452